000 00406nam a2200181Ia 4500
005 20250425162709.0
008 250425s9999 xx 000 0 und d
041 _aeng
082 _a639.8
245 0 _aAQUACULTURE PRODUCTION STATISTICS 1986-1995
250 _aS.E
260 _aItalia
_bFAO
_c1997
260 _aROMA
300 _a195
650 _aACUACULTURA
942 _c01
010 _a97317
999 _c234568
_d234568